000 01402nam0a2200361 4500
001 RU\NLR\BIBL_A\012313500
005 20200915150121.0
010 _a978-5-9903415-8-6
_9500
021 _aRU
_bКН-П-20-021079
_9КН-П-20-1642
035 _a(NLR Aleph) 012313500
035 _a(RuMoRGB)010320791
090 _a11382796
_c11382796
100 _a20200813d2019 u y0rusy50 ca
101 0 _arus
102 _aRU
105 _aa|||wzzz000zd
181 0 _ai
_baxxe
182 0 _an
200 1 _aБлаженная Моника
_eмать блаженного Августина
203 _aТекст
_bвизуальный
_cнепосредственный
210 _aМосква
_cПокров ПРО
_d2019
215 _a105, [2] с.
_cил.
_d17
225 1 _aБиблиотека духовно-нравственной культуры
517 1 _aМать блаженного Августина
600 0 _aМоника
_cсвятая
_f332 - 387
_92187549
_3RU\NLR\AUTH\6601551189
686 2 _aЭ37-574.8
702 0 _4570
_7ca
_8rus
_aАвгустин Аврелий
_cепископ Гиппонийский
_f354-430
_9113342
_3RU\NLR\AUTH\773342
702 0 _4570
_7ca
_8rus
_aМоника
_cсвятая
_f332-387
_9132961
_3RU\NLR\AUTH\770132995
942 _cBOOK
980 _aNB